تجديد التفكير الديني في الإسلام : (Record no. 6285)
[ view plain ]
| 000 -الفاتح | |
|---|---|
| حقل البيانات ثابتة الطول | 00685nac a22001331u 4500 |
| 008 - عناصر البيانات ثابتة الطول - معلومات عامة | |
| حقل البيانات ثابتة الطول | 080904t ua|||||r|||| 000 0 ara d |
| 082 ## - رقم تصنيف ديوى العشرى | |
| رقم التصنيف | 189 |
| رقم المادة | ا ق ب |
| 245 ## - بيان العنوان | |
| العنوان | تجديد التفكير الديني في الإسلام : |
| بيان المسئوليه,etc | تأليف محمد إقبال ؛ ترجمة عباس محمود؛ راجع مقدمته والفصل الأول منه عبد العزيز المراغي ؛ راجع بقية الكتاب مهدي علام |
| 260 ## - PUBLICATION, DISTRIBUTION, ETC. (IMPRINT) | |
| مكان الناشر او الموزع | القاهرة : |
| اسم الناشر او الموزع | لجنة التأليف والترجمة والنشر،1955. |
| تاريخ النشر أو التوزيع | 1955. |
| 300 ## - الوصف المادى | |
| التعداد | 227 ص ؛ |
| أبعاد الوعاء | 24 سم . |
| 511 ## - | |
| -- | Catalogued by: Sara |
| 541 ## - تبصرة المصدر المباشر للتزويد | |
| مصدر التزويد | ألف باء ؛ |
| طريقة التزويد | شراء ؛ |
| 942 ## - عناصر المدخل الإضافي( كوها) | |
| Koha [default] item type | Book - Borrowing |
| سابقة رقم الطلب | 189 ا ق ب |
| مصدر التصنيف او مخطط الترفيف | Dewey Decimal Classification |
| حالة التراجع | حالة الفقد | مصدر التصنيف او خطة الترفيف | حالة تلف | ليس للاعارة | مجموعات كوها | المكان الدائم | المكان الحالي | موقع الترفيف | تاريخ الاكتساب | Source of acquisition | رقم الاستدعاء | الباركود | Date last seen | نوع الوعاء |
|---|---|---|---|---|---|---|---|---|---|---|---|---|---|---|
| Dewey Decimal Classification | Alef-Baa | Central Library | Central Library | Lower Floor | 19/11/2007 | 189 ا ق ب | 000007764 | 15/07/2025 | Book - Borrowing |